O Leão e a Feiticeira Branca (Registo nº 4348)

Detalhes MARC
000 -Etiqueta do registo
Cabeçalho 00491nam a2200193 4500
005 - Identificador da versão
Campo de controlo 20240813122059.0
100 ## - Dados gerais de processamento
Dados gerais de processamento 20110323d1974 d y0pory5003 ba
102 ## - Pais de publicação ou produção
País de publicação Portugal
101 1# - Língua de publicação
Língua do texto, banda sonora, etc. Português
Língua do documento no original Inglês
215 ## - Descrição física 
Indicação específica da natureza do documento e extensão da espécie 190 p.
200 1# - Titulo e menção de responsabilidade
Título próprio O Leão e a Feiticeira Branca
Primeira menção de responsabilidade C. S. Lewis
Outras menções de responsabilidade trad. A. Gonçalves Rodrigues
225 1# - Colecção 
Título próprio da colecção Pássaro branco
205 ## - Menção da edição
Menção da edição 3a ed.
210 ## - Publicação, Distribuição, etc. 
Lugar da edição, distribuição, etc. Lisboa
Nome do editor, distribuidor, etc. Guimarães Editores
Data da publicação, distribuição, etc. 1974
700 #1 - Nome de autor-pessoa física (responsabilidade principal)
Número de registo de entrada de autoridade 0001137
Palavra de ordem Lewis
Outra parte do nome não tomada para palavra de ordem C. S.
942 ## - Elementos de entrada adicionados (Koha)
Tipo de item no Koha Livro
Exemplares
Situação do levantamento Origin of item (home branch) (coded) Biblioteca de empréstimo Código de barras Cota Circulation type (not for loan) Tipo de documento Nota do exemplar Damaged status
  Biblioteca Escolar das Vendas Biblioteca Escolar das Vendas BEV107 8EST LEW   Livro Sem mensagem